=LDR 00000nam 2200000 4500 =001 INLIS000000000015595 =005 20130612110854 =008 ***********************************Indo** =035 ##$$0010-061300000015595 =041 ##$$a Indo =082 ##$$a 028.5 =090 ##$$a 028.5, Suy b =100 ##$$a Suyatinah A.H =245 ##$$a Bersih Itu Sehat, Suyatinah A.H =260 ##$$a 1997 $b Surabaya =300 ##$$a v 81 hlm, ilus20 cm =650 ##$$a Bacaan Kanak-Kanak =850 ##$$a NBPNMAT